000
00323nam a2200109Ia 4500
008
200302s9999 xx 000 0 und d
100
_a
Chandra Prakash Kala & Chandra Shekhar Silori
245
_a
Biodiversity Communities and Climate change
260
_b
The Energy and Resources Institute
260
_c
2013
300
_a
330 P
999
_c
4258
_d
4258